Financing schools in Europe mechanisms, methods and criteria in public funding
Gespeichert in:
| Körperschaft: | |
|---|---|
| Format: | Buch |
| Sprache: | Englisch |
| Veröffentlicht: |
Brussels
Education, Audiovisual and Culture Executive Agency
2014
|
| Schriftenreihe: | Eurydice report
|
| Schlagworte: | |
| Tags: |
Keine Tags, Fügen Sie das erste Tag hinzu!
|
MARC
| LEADER | 00000nam a2200000 4500 | ||
|---|---|---|---|
| 001 | 0193054 | ||
| 005 | 20240318114345.6 | ||
| 020 | |a 978-92-9201-576-3 | ||
| 041 | 0 | |a eng | |
| 044 | |a BE | ||
| 245 | 1 | 0 | |a Financing schools in Europe |b mechanisms, methods and criteria in public funding |
| 264 | 1 | |a Brussels |b Education, Audiovisual and Culture Executive Agency |c 2014 | |
| 300 | |a 104 s. | ||
| 490 | 1 | |a Eurydice report | |
| 830 | 0 | |a Eurydice report | |
| 610 | 2 | 0 | |a školy |
| 610 | 2 | 0 | |a vzdelávanie |
| 610 | 2 | 0 | |a financovanie |
| 610 | 2 | 0 | |a vzdelávanie primárne |
| 610 | 2 | 0 | |a vzdelávanie sekundárne |
| 610 | 2 | 0 | |a zdroje finančné |
| 610 | 2 | 0 | |a rozdeľovanie |
| 610 | 2 | 0 | |a metódy |
| 610 | 2 | 0 | |a porovnanie štatistické medzinárodné |
| 610 | 2 | 0 | |a Európa |
| 710 | 2 | |a European Commission | |